Communauté d'agglomération de Cambrai - Statistiques

Statistiques générales
  • Ce quiz a été pris 125 fois
  • Le résultat moyen est 17 sur 55
Réponses sur la Carte
Les réponses sont colorées sur une échelle allant du rouge au vert en fonction du pourcentage des utilisateurs qui les ont devinées à leur premier essai. Vous pouvez retrouver ces pourcentages ci-dessous.
 
Statistiques - réponses
Communes % Correct
Cambrai
96%
Proville
80%
Neuville Saint Rémy
76%
Niergnies
68%
Escaudoeuvres
64%
Marcoing
64%
Awoingt
60%
Masnières
60%
Fontaine Notre Dame
56%
Iwuy
52%
Raillencourt Sainte Olle
52%
Naves
44%
Noyelles sur Escaut
44%
Cauroir
40%
Séranvillers Forenville
40%
Gouzeaucourt
36%
Rumilly en Cambrésis
36%
Tilloy lez Cambrai
36%
Les Rues des Vignes
32%
Moeuvres
32%
Ramillies
32%
Banteux
28%
Bantouzelle
28%
Esnes
28%
Haynecourt
28%
Thun l'Evêque
28%
Aubencheul au Bac
24%
Bantigny
24%
Cagnoncles
24%
Crèvecoeur sur l'Escaut
24%
Eswars
24%
Abancourt
20%
Anneux
20%
Doignies
20%
Lesdain
20%
Sailly lez Cambrai
20%
Villers Plouich
20%
Gonnelieu
16%
Paillencourt
16%
Ribécourt la Tour
16%
Sancourt
16%
Thun Saint Martin
16%
Villers Guislain
16%
Blécourt
12%
Boursies
12%
Cantaing sur Escaut
12%
Flesquières
12%
Honnecourt sur Escaut
12%
Rieux en Cambrésis
12%
Wambaix
12%
Cuvillers
8%
Estrun
8%
Fressies
8%
Hem Lenglet
8%
Villers en Cauchies
4%
Aucun quiz correspondant
Distribution des résultats
% des personnes avec chaque résultat
Percentile par nombre de réponses
Votre historique - résultats
Vous n’avez pas pris ce quiz